Presidentas latinoamericanas e igualdad de género: un camino sinuoso /

El artículo explora el impacto de los mandatos de Michelle Bachelet (Chile), Cristina Fernández de Kirchner (Argentina), Laura Chinchilla (Costa Rica) y Dilma Rousseff (Brasil) en la democratización de sus sociedades a través del análisis de sus políticas de igualdad de género. De esa manera, intent...

Descripció completa

Guardat en:
Dades bibliogràfiques
Autor principal: Fernández Ramil, María de los Angeles
Altres autors: Oliva Espinosa, Daniela
Format: Text
Matèries:
Etiquetes: Afegir etiqueta
Sense etiquetes, Sigues el primer a etiquetar aquest registre!

MARC

LEADER 00000 a a2200000 04500
001 45572
003
040 |a CRAI/IIS  |c CRAI/IIS 
100 |a Fernández Ramil, María de los Angeles  
245 |a Presidentas latinoamericanas e igualdad de género:   |b un camino sinuoso /  |c María de los Angeles Fernández Ramil, Daniela Oliva Espinosa  
520 |a El artículo explora el impacto de los mandatos de Michelle Bachelet (Chile), Cristina Fernández de Kirchner (Argentina), Laura Chinchilla (Costa Rica) y Dilma Rousseff (Brasil) en la democratización de sus sociedades a través del análisis de sus políticas de igualdad de género. De esa manera, intenta contribuir al desafío de que los debates y las reflexiones sobre la calidad de la democracia sean sensibles al género y a las políticas en pos de la igualdad.  
590 |a AMB/NOVIEMBRE2014  
650 |a GOBIERNO  
650 |a DEMOCRACIA  
650 |a POLITICA GUBERNAMENTAL  
650 |a IGUALDAD DE GENERO  
650 |a AMERICA LATINA  
700 |a Oliva Espinosa, Daniela  
773 |g número240 (2012), páginas 119-133  
999 |c 18264  |d 18264